Határpontok. Hermeneutikai esszék
Elmentve itt :
| Szerző: | |
|---|---|
| Adatforrás: | Philobibl |
| Dokumentumtípus: | Könyv |
| Nyelv: | magyar |
| Kulcsszavak: | hermeneutika esztétika |
| Megjelent: |
Bp.
T-Twins-Lukács Archivum
1994
|
| LEADER | 00361nam a2200133 c 4500 | ||
|---|---|---|---|
| 001 | bibDOK00000072 | ||
| 005 | 20200924115634.6 | ||
| 008 | 060518s1994 hu hun | ||
| 100 | 1 | |a Bacsó Béla | |
| 245 | 1 | 0 | |a Határpontok. Hermeneutikai esszék |c Bacsó Béla |
| 260 | |a Bp. |b T-Twins-Lukács Archivum |c 1994 | ||
| 300 | |a 224 p. | ||
| 695 | |a hermeneutika | ||
| 695 | |a esztétika | ||